000 00420nam a2200169 4500
003 OSt
008 241005b |||||||| |||| 00| 0 eng d
020 _a9789394753181
041 _amal
082 _a891.43
_bUDA/MA
100 _aUdayaprakash
_96306
245 _aManjakkuda choodiya penkutty/
260 _aThiruvananthapuram :
_bChintha Publishers,
_c2023.
300 _a168p.
650 _aNovel
_94288
942 _cBK
999 _c18129
_d18129